Statistics for US State Capitals in Alphabetical Order

Click here to take the quiz!

General Stats

  • This quiz has been taken 138 times
  • The average score is 41 of 50

Answer Stats

Letter Capital % Correct
AAustin
97%
AAlbany
95%
AAnnapolis
94%
AAtlanta
90%
JJackson
90%
IIndianapolis
89%
JJefferson City
89%
BBaton Rouge
87%
FFrankfort
87%
SSacramento
85%
BBoston
85%
JJuneau
85%
AAugusta
85%
HHarrisburg
84%
NNashville
84%
DDenver
84%
DDover
84%
BBoise
82%
HHelena
82%
HHonolulu
82%
HHartford
82%
CCarson City
82%
SSanta Fe
82%
CColumbus
82%
CColumbia
82%
TTallahassee
81%
OOklahoma City
81%
CCheyenne
81%
LLansing
81%
BBismarck
81%
PPierre
81%
PPhoenix
81%
LLittle Rock
79%
SSaint Paul
79%
OOlympia
79%
SSalt Lake City
77%
SSalem
77%
TTrenton
77%
PProvidence
77%
MMadison
77%
DDes Moines
77%
MMontpelier
76%
CConcord
76%
SSpringfield
76%
TTopeka
76%
LLincoln
76%
RRaleigh
74%
MMontgomery
74%
CCharleston
74%
RRichmond
71%

Score Distribution

Percentile by Number Answered

Percent of People with Each Score

Your Score History

You have not taken this quiz